| 000 | 00865nam a22002537a 4500 | ||
|---|---|---|---|
| 001 | BR8205580 | ||
| 003 | BR-BrBNA | ||
| 005 | 20241213163236.0 | ||
| 007 | ta | ||
| 008 | 230509b bl.||||| |||| 00| 0 por d | ||
| 040 |
_aBR-BrBNA _bpor _cBiblioteca Nacional de Agricultura |
||
| 041 | _a(Por) | ||
| 072 |
_aC00 _b/G362 |
||
| 090 |
_a C00 BR8205580 _b2024-8335 |
||
| 100 | 1 | _aMussoi, E.M. | |
| 110 | 1 |
_aEmpresa de Assistencia Tecnica e Extensao Rural de Santa Catarina, Florianopolis (Brasil); _93993 |
|
| 110 | 1 |
_aAssociacao de Credito e Assistencia Rural do Estado de Santa Catarina, Florianopolis (Brasil) _9468 |
|
| 245 | 1 | _aGeracao e transferencia de tecnologia agropecuaria em Panama: uma contribuicao | |
| 260 | 3 |
_aFlorianopolis, SC (Brasil): _c1982. |
|
| 300 | _a30 p. | ||
| 650 | _aEXTENSAO RURAL | ||
| 650 | _aTECNOLOGIA AGRICOLA | ||
| 942 |
_cBK _2AGRIS |
||
| 999 |
_c33971 _d33971 |
||